| 000 | 01007 a2200217 4500 | ||
|---|---|---|---|
| 005 | 20080909130054.0 | ||
| 008 | 080909t xxu||||| |||| 00| 0 hin d | ||
| 010 | _aHIN-80305 | ||
| 020 |
_c200.00 _a8188459194 |
||
| 035 | _aHN-52651 | ||
| 037 | _bD.B.Act / pub | ||
| 082 | _a415 | ||
| 100 | _aपरमानन्द प्रभाकर | ||
| 245 |
_aमानक संस्कृत व्याकरण _cपरमानन्द प्रभाकर |
||
| 246 |
_bby Pramanand Prabhakar _aManak Sanskrit vyakaran |
||
| 260 |
_aदिल्ली _bशुभद्रा प्रकाशन _c2006 |
||
| 270 |
_a1/11052-ए, सुभाष पार्क, शाहदरा _bदिल्ली _e110032 |
||
| 300 |
_a42पृ _c22 सेमी(सजिल्द) |
||
| 942 |
_adpl _cHN _k415 / परमा _2ddc _h415 _mपरमा |
||
| 999 |
_c5437 _d5437 |
||